|
|
|
|
| LEADER |
00000cas a2200000 a 4500 |
| 001 |
vtls001363177 |
| 003 |
SK-MaSNL |
| 005 |
20260228155809.0 |
| 008 |
990513d19472004pl mr 0 0 0pol c |
| 022 |
|
|
|a 0006-1093
|
| 035 |
|
|
|a SNK000316780
|
| 040 |
|
|
|a SNK
|b slo
|c SNK
|e AACR2
|
| 041 |
|
|
|a pol
|
| 044 |
|
|
|a pl
|c PL
|
| 080 |
|
|
|a (01)
|2 2011
|
| 080 |
|
|
|a 050
|2 2011
|
| 210 |
0 |
|
|a Bibliogr. zawart. czas.
|
| 222 |
|
0 |
|a Bibliografia zawartości czasopism
|
| 245 |
0 |
0 |
|a Bibliografia zawartości czasopism
|
| 260 |
|
|
|a Warszawa
|b Biblioteka Narodowa, Instytut Bibliograficzny
|c 1947-2004
|
| 300 |
|
|
|a zv.
|c cm
|
| 310 |
|
|
|a 1x mesačne
|
| 362 |
0 |
|
|a 1947-2004
|
| 500 |
|
|
|a Roč. 3. 1949-4. 1950 nevyšli
|
| 655 |
|
7 |
|a bibliografie
|2 SNKPH
|9 28668
|
| 910 |
|
|
|a snk
|
| 999 |
|
|
|c 616
|d 616
|
| 952 |
|
|
|0 0
|1 1
|4 0
|7 0
|8 0
|a SNK
|b SNK
|d 2011-04-05
|i snk2011/7699
|l 0
|o snkČB 2308/50/2004/1
|p 17A0446591
|r 2026-02-21 19:57:03
|w 2026-02-21
|y PREZ
|
| 952 |
|
|
|0 0
|1 1
|4 0
|7 0
|8 2
|a SNK
|b SNK
|d 2011-04-05
|i snk2011/7701
|l 0
|o snkČB 2308/50/2004/2
|p 17A0672187
|r 2026-02-21 19:57:03
|w 2026-02-21
|y PREZ
|
| 952 |
|
|
|0 0
|1 1
|4 0
|7 0
|8 2
|a SNK
|b SNK
|d 2011-04-05
|i snk2011/7702
|l 0
|o snkČB 2308/50/2004/3
|p 17A0446593
|r 2026-02-21 19:57:03
|w 2026-02-21
|y PREZ
|
| 952 |
|
|
|0 0
|1 1
|4 0
|7 0
|a SNK
|b SNK
|d 1999-05-13
|l 0
|o snkČB 2308/49/1995/2
|p 17A0193521
|r 2005-01-02 00:00:00
|w 2026-02-21
|y PREZ
|
| 952 |
|
|
|0 0
|1 1
|4 0
|7 0
|a SNK
|b SNK
|d 1999-05-13
|l 0
|o snkČB 2308/49/1995/1
|p 17A0193970
|r 2005-01-02 00:00:00
|w 2026-02-21
|y PREZ
|